000 00321nam a2200121Ia 4500
008 220216s9999 xx 000 0 und d
100 _aShah S A
245 0 _aReinvesting tropical forest management in India
260 _bIndian Forester
_c1994
300 _a471-476
650 _aTropical forest management
942 _cJS
999 _c66659
_d66659